[Event "GER-ch U12"]
[Site "Magdeburg"]
[Date "2014.06.13"]
[Round "9"]
[White "Liebeck, Eddie"]
[Black "Bierfreund, Trine Maja"]
[Result "0-1"]
[WhiteElo "1565"]
[BlackElo "1288"]
[PlyCount "54"]
[EventDate "2014.06.08"]
[EventType "swiss"]
[EventRounds "11"]
[EventCountry "GER"]
[SourceTitle "CBM 160 Extra"]
[Source "ChessBase"]
[SourceDate "2014.07.01"]
[SourceVersion "1"]
[SourceVersionDate "2014.07.01"]
[SourceQuality "1"]

1. d4 d5 2. c4 e6 3. cxd5 exd5 4. Nc3 Nf6 5. Nf3 Be7 6. Bf4 a6 7. e3 0-0 8. Bd3 Nbd7 9. Qc2 Re8 10. a3 c6 11. 0-0 Nf8 12. h3 h6 13. Nh4 g5 14. Nf5 Bxf5 15. Bxf5 gxf4 16. exf4 Kg7 17. Rad1 Ng6 18. Rd3 Nh5 19. Qd1 Nhxf4 20. Rg3 Bd6 21. h4 Qxh4 22. Bxg6 fxg6 23. Qb3 b5 24. Qc2 Re6 25. b4 Rae8 26. Ra1 Re1+ 27. Rxe1 Rxe1# 0-1

[Event "GER-ch U12"]
[Site "Magdeburg"]
[Date "2014.06.09"]
[Round "4"]
[White "Arnold, Leander"]
[Black "Liebeck, Eddie"]
[Result "0-1"]
[WhiteElo "1402"]
[BlackElo "1565"]
[PlyCount "74"]
[EventDate "2014.06.08"]
[EventType "swiss"]
[EventRounds "11"]
[EventCountry "GER"]
[SourceTitle "CBM 160 Extra"]
[Source "ChessBase"]
[SourceDate "2014.07.01"]
[SourceVersion "1"]
[SourceVersionDate "2014.07.01"]
[SourceQuality "1"]

1. d4 d5 2. Nf3 Nf6 3. e3 Bf5 4. c4 c6 5. Nc3 e6 6. Be2 h6 7. 0-0 Nbd7 8. c5 Be7 9. b4 0-0 10. a4 Qc7 11. Bb2 e5 12. Rc1 e4 13. Nd2 Kh8 14. f3 exf3 15. Nxf3 Ne4 16. Nd2 Nxc3 17. Bxc3 Bg6 18. Bf3 Rae8 19. Bh5 Bxh5 20. Qxh5 Kg8 21. Rfe1 Bg5 22. Qf3 Re7 23. Nf1 Rfe8 24. Bd2 Nf6 25. Rc2 Ne4 26. Bc1 Re6 27. g3 Bf6 28. Ree2 Ng5 29. Qg2 Qe7 30. Rf2 Qd7 31. Rfe2 Bd8 32. a5 Rf6 33. Rf2 Nh3+ 34. Kh1 Nxf2+ 35. Rxf2 Ree6 36. Rxf6 Rxf6 37. Nd2 Qg4 0-1

[Event "GER-ch U12"]
[Site "Oberhof"]
[Date "2013.05.19"]
[Round "1"]
[White "Christiansen, Sarah"]
[Black "Liebeck, Eddie"]
[Result "0-1"]
[WhiteElo "1014"]
[BlackElo "1726"]
[PlyCount "94"]
[EventDate "2013.05.19"]
[EventType "swiss"]
[EventRounds "11"]
[EventCountry "GER"]
[SourceTitle "CBM 154 Extra"]
[Source "ChessBase"]
[SourceDate "2013.06.25"]
[SourceVersion "2"]
[SourceVersionDate "2013.06.25"]
[SourceQuality "1"]

1. e4 c6 2. Nc3 d5 3. Nf3 Bg4 4. Be2 e6 5. d4 Nd7 6. Be3 Bb4 7. 0-0 Bxc3 8. bxc3 dxe4 9. Nd2 Bxe2 10. Qxe2 f5 11. Rab1 Qc7 12. g3 Nb6 13. Nc4 Nd5 14. Bd2 Ngf6 15. Ne3 Nxe3 16. fxe3 g5 17. Qc4 Nd5 18. Qb3 Rb8 19. c4 Nf6 20. Bc3 Rf8 21. d5 cxd5 22. cxd5 Nxd5 23. Bb4 Rf7 24. Ba3 a6 25. Qb2 Qc3 26. Qxc3 Nxc3 27. Rb2 Nb5 28. Bb4 Rc8 29. Be1 Rfc7 30. c3 Nd6 31. Rc2 Nc4 32. Bf2 b5 33. Rb1 Na3 34. Rbc1 Nxc2 35. Rxc2 g4 36. h3 h5 37. hxg4 hxg4 38. Be1 b4 39. c4 Rxc4 40. Rb2 Rc1 41. Kf1 Ra1 42. Rxb4 Rcc1 43. Rb8+ Kd7 44. Rb7+ Kc6 45. Rh7 Rxe1+ 46. Kf2 Reb1 47. Ke2 Rxa2# 0-1

[Event "GER-ch U10"]
[Site "Oberhof"]
[Date "2012.06.01"]
[Round "10"]
[White "Pfreundt, Mathis"]
[Black "Liebeck, Eddie"]
[Result "1-0"]
[WhiteElo "1035"]
[BlackElo "1273"]
[PlyCount "81"]
[EventDate "2012.05.27"]
[EventType "swiss"]
[EventRounds "11"]
[EventCountry "GER"]
[SourceTitle "CBM 148 Extra"]
[Source "ChessBase"]
[SourceDate "2012.06.22"]
[SourceVersion "1"]
[SourceVersionDate "2012.06.22"]
[SourceQuality "1"]

1. e4 e5 2. Nf3 Nc6 3. Bc4 Bc5 4. c3 d6 5. d4 Bb6 6. dxe5 Nxe5 7. Nxe5 dxe5 8. Qxd8+ Kxd8 9. Bxf7 Ne7 10. 0-0 Rf8 11. Rd1+ Bd7 12. Be6 Rxf2 13. Kh1 Ke8 14. Bxd7+ Kf7 15. Bb5 c6 16. Bc4+ Kg6 17. Rf1 Raf8 18. Rxf2 Rxf2 19. h4 Bc7 20. Bg5 Nc8 21. Nd2 Nd6 22. Bd3 Rf8 23. Nf3 Nf7 24. Be2 Nxg5 25. Nxg5 Rf2 26. Re1 Bb6 27. Nf3 Kf6 28. b4 h6 29. Bc4 Rc2 30. Rd1 Rxc3 31. Rd6+ Ke7 32. Re6+ Kf8 33. Nxe5 Rc1+ 34. Kh2 Bg1+ 35. Kg3 Rc3+ 36. Kg4 Bh2 37. Bb3 Rg3+ 38. Kf5 Kg8 39. Re8+ Kh7 40. Bg8+ Kh8 41. Nf7# 1-0

[Event "GER-ch U10"]
[Site "Oberhof"]
[Date "2012.05.29"]
[Round "5"]
[White "Liebeck, Eddie"]
[Black "Meyling, Lennart"]
[Result "1-0"]
[WhiteElo "1273"]
[BlackElo "1572"]
[PlyCount "107"]
[EventDate "2012.05.27"]
[EventType "swiss"]
[EventRounds "11"]
[EventCountry "GER"]
[SourceTitle "CBM 148 Extra"]
[Source "ChessBase"]
[SourceDate "2012.06.22"]
[SourceVersion "1"]
[SourceVersionDate "2012.06.22"]
[SourceQuality "1"]

1. d4 Nf6 2. c4 e5 3. dxe5 Ng4 4. b3 Nxe5 5. Bb2 Nbc6 6. g3 Bc5 7. Bg2 0-0 8. Nf3 Nxf3+ 9. Bxf3 d6 10. 0-0 Bh3 11. Bg2 Bxg2 12. Kxg2 f5 13. e3 Qg5 14. h4 Qe7 15. Nc3 a6 16. Kg1 Qe8 17. Nd5 Rc8 18. Nc3 Ne5 19. Na4 Ba7 20. Qd5+ Rf7 21. Bxe5 Qxe5 22. Qxb7 Bxe3 23. Qxc8+ Rf8 24. Qb7 Bxf2+ 25. Kxf2 f4 26. Qd5+ Qxd5 27. cxd5 Rf5 28. gxf4 Rxf4+ 29. Kg3 Rd4 30. Rf4 Rxd5 31. Raf1 h6 32. Rf8+ Kh7 33. Rc8 c5 34. Rc6 a5 35. Ra6 Rd2 36. Nxc5 dxc5 37. Rxa5 Rd3+ 38. Rf3 Rd5 39. b4 Rd1 40. bxc5 Rg1+ 41. Kh2 Rc1 42. Kg2 Rc2+ 43. Rf2 Rc4 44. a4 Rxh4 45. Rc2 Rg4+ 46. Kh3 Rg5 47. c6 Rxa5 48. c7 Rh5+ 49. Kg4 Rg5+ 50. Kh4 Kg6 51. Rc6+ Kh7 52. c8Q Re5 53. Rc4 Re1 54. Qf5+ 1-0

[Event "GER-ch U10"]
[Site "Oberhof"]
[Date "2012.05.27"]
[Round "2"]
[White "Roessler, Lukas Namgyu"]
[Black "Liebeck, Eddie"]
[Result "1-0"]
[WhiteElo "1515"]
[BlackElo "1273"]
[PlyCount "155"]
[EventDate "2012.05.27"]
[EventType "swiss"]
[EventRounds "11"]
[EventCountry "GER"]
[SourceTitle "CBM 148 Extra"]
[Source "ChessBase"]
[SourceDate "2012.06.22"]
[SourceVersion "1"]
[SourceVersionDate "2012.06.22"]
[SourceQuality "1"]

1. e4 e5 2. Nf3 Nc6 3. Bb5 Bc5 4. 0-0 d6 5. h3 Nge7 6. c3 0-0 7. d4 exd4 8. cxd4 Bb6 9. Nc3 Bd7 10. Be3 a6 11. Ba4 Na7 12. Bxd7 Qxd7 13. Qd2 Ba5 14. a3 Nb5 15. b4 Nxc3 16. Qxc3 Bb6 17. d5 Bxe3 18. Qxe3 Rfe8 19. Qd3 Ng6 20. Rfe1 Ne5 21. Nxe5 Rxe5 22. Re2 Rae8 23. Rae1 Qe7 24. f4 Rh5 25. Qf3 Rh6 26. e5 Qd7 27. exd6 Rxe2 28. Qxe2 Qxd6 29. Qe8+ Qf8 30. Qa4 c6 31. dxc6 Rxc6 32. Qd1 h6 33. Qd7 Re6 34. Rxe6 fxe6 35. Qxe6+ Kh8 36. Qg4 a5 37. f5 Qf6 38. Qf3 Qd4+ 39. Kh1 axb4 40. f6 gxf6 41. axb4 Qa1+ 42. Kh2 Qe5+ 43. Qg3 Kh7 44. Qxe5 fxe5 45. Kg3 Kg6 46. Kf3 Kf5 47. g4+ Kg5 48. Ke4 Kf6 49. h4 Ke6 50. g5 h5 51. g6 Kf6 52. g7 Kxg7 53. Kxe5 Kf7 54. Kf5 Ke7 55. Kg5 Ke6 56. Kxh5 Kf5 57. b5 b6 58. Kh6 Kf6 59. h5 Ke5 60. Kg7 Kd5 61. h6 Kc5 62. h7 Kxb5 63. h8Q Ka4 64. Qh1 b5 65. Qb1 b4 66. Kf6 Kb5 67. Ke5 Kc4 68. Ke4 Kc3 69. Kd5 b3 70. Kc5 b2 71. Kd5 Kb3 72. Kd4 Ka3 73. Kc3 Ka4 74. Qxb2 Ka5 75. Kc4 Ka6 76. Kc5 Ka7 77. Kc6 Ka8 78. Qb7# 1-0